Algebra of programming (Record no. 83885)

MARC details
000 -LEADER
fixed length control field 00806nam a2200157 a 4500
008 - FIXED-LENGTH DATA ELEMENTS--GENERAL INFORMATION
fixed length control field 120416s1998 ||||||||||||||||| || u
020 ## - INTERNATIONAL STANDARD BOOK NUMBER
International Standard Book Number 812031364X
050 ## - LIBRARY OF CONGRESS CALL NUMBER
Classification number QA 76.73.A24 Bir
100 ## - MAIN ENTRY--PERSONAL NAME
Personal name Bird, Richard
245 10 - TITLE STATEMENT
Title Algebra of programming
260 ## - PUBLICATION, DISTRIBUTION, ETC.
Place of publication, distribution, etc. New Delhi
Name of publisher, distributor, etc. FT Prentice-Hall
Date of publication, distribution, etc. 1998
350 ## -
-- 0.00
995 ## -
-- ANNEX COLLECTION (Main Library)
-- 0.00
-- 732629
-- CBU-MAIN LIBRARY (Kitwe)
-- 1
-- 15.00
-- QA 76.73.A24 Bir
-- 1
-- AVAILABLE
-- 44758
-- Annex Low-Usage Collection
995 ## -
-- ANNEX COLLECTION (Main Library)
-- 0.00
-- 732628
-- CBU-MAIN LIBRARY (Kitwe)
-- 3
-- 15.00
-- QA 76.73.A24 Bir
-- 3
-- AVAILABLE
-- 44755
-- Annex Low-Usage Collection
995 ## -
-- ANNEX COLLECTION (Main Library)
-- 0.00
-- 732630
-- CBU-MAIN LIBRARY (Kitwe)
-- 2
-- 15.00
-- QA 76.73.A24 Bir
-- 2
-- AVAILABLE
-- 44757
-- Annex Low-Usage Collection
999 ## -
-- 83885
-- 83885
Holdings
Withdrawn status Lost status Source of classification or shelving scheme Damaged status Not for loan Permanent Location Current Location Date acquired Full call number Barcode Date last seen Copy number Price effective from Koha item type Shelving location Total Checkouts
Withdrawn         CBU-MAIN LIBRARY, KITWE. CBU-MAIN LIBRARY, KITWE. 01/08/2024 QA 76.73.A24 Bir 44758 01/08/2024 1 01/08/2024 MONOGRAPH    
          CBU-MAIN LIBRARY, KITWE. CBU-MAIN LIBRARY, KITWE. 01/08/2024 QA 76.73.A24 Bir 44755 01/08/2024 2 01/08/2024 MONOGRAPH    
          CBU-MAIN LIBRARY, KITWE. CBU-MAIN LIBRARY, KITWE. 01/08/2024 QA 76.73.A24 Bir 44757 01/08/2024 3 01/08/2024 MONOGRAPH